000 00539nam a2200169Ia 4500
008 090711s9999 xx 000 0 und d
082 _b43410
100 _aबेहेरे माधव उाgऎ.
245 _aनशिबाSो घड्याळ
260 _c1975
300 _a104
600 _aबेहेरे माधव उाgऎ.
630 _aनशिबाSो घड्याळ
700 _aबेहेरे माधव उाgऎ.
730 _aनशिबाSो घड्याळ
942 _cBOOK
999 _c307697
_d307697